[Event "Vila Real-ch"]
[Site "Vila Real"]
[Date "2016.11.19"]
[Round "7.1"]
[White "Romero Calduch, Sergio"]
[Black "Gimeno Simo, Sergio"]
[Result "1-0"]
[WhiteElo "2194"]
[BlackElo "1840"]
[PlyCount "62"]
[EventDate "2016.10.01"]
[EventType "swiss"]
[EventRounds "7"]
[EventCountry "RUF"]
[SourceTitle "EXT 2024"]
[Source "ChessBase"]
[SourceDate "2023.10.10"]
[SourceVersion "1"]
[SourceVersionDate "2023.10.10"]
[SourceQuality "1"]

1. d4 d5 2. c4 e6 3. Nc3 c5 4. cxd5 exd5 5. dxc5 d4 6. Ne4 Nc6 7. Nf3 Bf5 8. Nd6+ Bxd6 9. cxd6 Qxd6 10. a3 Nf6 11. g3 0-0 12. Bg2 Rfe8 13. 0-0 Rac8 14. b4 Be4 15. Bb2 Red8 16. Rc1 b5 17. Nxd4 Bxg2 18. Kxg2 Nxd4 19. Qxd4 Rxc1 20. Qxd6 Rxd6 21. Rxc1 Kf8 22. Bxf6 gxf6 23. Rc8+ Ke7 24. Rc7+ Rd7 25. Rxd7+ Kxd7 26. Kf3 Kd6 27. Ke4 f5+ 28. Kxf5 Kd5 29. Kf6 Kc4 30. Kxf7 Kb3 31. e4 Kxa3 1-0

[Event "Quart de Poblet op 2nd"]
[Site "Quart de Poblet"]
[Date "2014.07.26"]
[Round "6"]
[White "Gimeno Simo, Sergio"]
[Black "Baeza Garcia, Agustin"]
[Result "1/2-1/2"]
[WhiteElo "1648"]
[BlackElo "1931"]
[PlyCount "81"]
[EventDate "2014.07.19"]
[EventType "swiss"]
[EventRounds "7"]
[EventCountry "ESP"]
[SourceTitle "CBM 161 Extra"]
[Source "ChessBase"]
[SourceDate "2014.08.29"]
[SourceVersion "1"]
[SourceVersionDate "2014.08.29"]
[SourceQuality "1"]

1. e4 e6 2. d4 d5 3. Nd2 Be7 4. e5 c5 5. c3 cxd4 6. cxd4 Nc6 7. Ngf3 Qb6 8. Bd3 Bd7 9. a3 a5 10. 0-0 Nxd4 11. Nxd4 Qxd4 12. Nf3 Qb6 13. Qe2 a4 14. Ng5 Bxg5 15. Bxg5 Ne7 16. Rac1 Nc6 17. Kh1 0-0 18. Qh5 h6 19. Bxh6 f5 20. exf6 Rxf6 21. Bxg7 Kxg7 22. Qh7+ Kf8 23. Qh8+ Ke7 24. Qxa8 Ne5 25. Be2 Qxb2 26. Rce1 Qb6 27. Qh8 Nf7 28. Qh4 Qd6 29. Bh5 Bb5 30. Bxf7 Kxf7 31. Rc1 Bc6 32. Rc3 e5 33. Qh7+ Ke6 34. Rg3 Be8 35. Qh3+ Ke7 36. Rg7+ Bf7 37. Rc1 Rh6 38. Qf5 Rxh2+ 39. Kxh2 Qh6+ 40. Qh3 Qxc1 41. Rxf7+ 1/2-1/2

[Event "Provincial-ch Moncofa"]
[Site "Moncofa"]
[Date "2013.10.05"]
[Round "1"]
[White "Gimeno Simo, Sergio"]
[Black "Romero Calduch, Sergio"]
[Result "0-1"]
[WhiteElo "1624"]
[BlackElo "2083"]
[PlyCount "70"]
[EventDate "2013.10.05"]
[EventType "swiss"]
[EventRounds "7"]
[EventCountry "ESP"]
[SourceTitle "EXT 2024"]
[Source "ChessBase"]
[SourceDate "2023.10.10"]
[SourceVersion "1"]
[SourceVersionDate "2023.10.10"]
[SourceQuality "1"]

1. e4 e6 2. d4 d5 3. Nd2 dxe4 4. Nxe4 Nd7 5. Nf3 Ngf6 6. Bd3 b6 7. 0-0 Bb7 8. Ng3 c5 9. Re1 Be7 10. Ng5 cxd4 11. Bf4 Nd5 12. Nxe6 fxe6 13. Qh5+ Kf8 14. Bd2 N7f6 15. Qh3 Bb4 16. Bxb4+ Nxb4 17. Bg6 Nbd5 18. Ne2 e5 19. Bf5 Qd6 20. f4 Ne3 21. fxe5 Qxe5 22. Nxd4 Qxd4 23. Rxe3 Re8 24. Rae1 Rxe3 25. Qxe3 Qxe3+ 26. Rxe3 Kf7 27. Be6+ Kg6 28. Rg3+ Kh6 29. Rh3+ Kg5 30. Rg3+ Kf4 31. Rxg7 Be4 32. Bb3 Rd8 33. c3 Rd2 34. g3+ Ke3 35. Rf7 Rg2+ 0-1

[Event "Quart de Poblet Sub2300 1st"]
[Site "Quart de Poblet"]
[Date "2013.07.20"]
[Round "1.15"]
[White "Gimeno Simo, Sergio"]
[Black "Romero Calduch, Sergio"]
[Result "0-1"]
[WhiteElo "1609"]
[BlackElo "2033"]
[PlyCount "44"]
[EventDate "2013.07.20"]
[EventType "swiss"]
[EventRounds "7"]
[EventCountry "ESP"]
[SourceTitle "EXT 2024"]
[Source "ChessBase"]
[SourceDate "2023.10.10"]
[SourceVersion "1"]
[SourceVersionDate "2023.10.10"]
[SourceQuality "1"]

1. e4 e6 2. d4 d5 3. Nd2 dxe4 4. Nxe4 Nf6 5. Bd3 Nbd7 6. Nf3 h6 7. c3 b6 8. Bf4 Bb7 9. Ned2 c5 10. Nc4 b5 11. Nd6+ Bxd6 12. Bxd6 Qb6 13. Bg3 cxd4 14. Nxd4 b4 15. Nb5 0-0 16. c4 Nc5 17. Be2 a6 18. Nc7 Rad8 19. Qc1 Nfe4 20. Bf4 Nd3+ 21. Bxd3 Qxf2+ 22. Kd1 Rxd3+ 0-1

[Event "Valencia-ch U18"]
[Site "Valencia"]
[Date "2012.04.11"]
[Round "2"]
[White "Gimeno Simo, Sergio"]
[Black "Navarrete Espi, Samuel"]
[Result "0-1"]
[WhiteElo "1569"]
[BlackElo "2129"]
[PlyCount "42"]
[EventDate "2012.04.11"]
[EventType "swiss"]
[EventRounds "6"]
[EventCountry "ESP"]
[SourceTitle "CBM 147 Extra"]
[Source "ChessBase"]
[SourceDate "2012.04.24"]
[SourceVersion "1"]
[SourceVersionDate "2012.04.24"]
[SourceQuality "1"]

1. e4 e5 2. Nf3 Nc6 3. d4 exd4 4. Nxd4 Nf6 5. Bg5 h6 6. Bh4 g5 7. Bg3 Nxe4 8. Nxc6 dxc6 9. Qxd8+ Kxd8 10. Be5 Bb4+ 11. c3 Re8 12. cxb4 Rxe5 13. Be2 Be6 14. 0-0 a5 15. bxa5 Raxa5 16. Na3 Nc3 17. bxc3 Rxe2 18. Nb1 Raxa2 19. Rxa2 Rxa2 20. Nd2 Rc2 21. Ne4 Bd5 0-1

[Event "Mislata op-C 45th"]
[Site "Mislata"]
[Date "2011.08.15"]
[Round "1"]
[White "Romero Calduch, Sergio"]
[Black "Gimeno Simo, Sergio"]
[Result "1-0"]
[WhiteElo "1870"]
[BlackElo "1568"]
[PlyCount "73"]
[EventDate "2011.08.15"]
[EventType "swiss"]
[EventRounds "9"]
[EventCountry "ESP"]
[SourceTitle "EXT 2014"]
[Source "ChessBase"]
[SourceDate "2013.11.20"]
[SourceVersion "1"]
[SourceVersionDate "2013.11.20"]
[SourceQuality "1"]

1. d4 Nf6 2. Nf3 d5 3. c4 dxc4 4. Nc3 Bg4 5. Ne5 Bf5 6. f3 Nc6 7. Nxc6 bxc6 8. e4 Be6 9. Be3 Rb8 10. Rb1 g6 11. Qa4 Bg7 12. Qxc6+ Qd7 13. Qa6 c6 14. Na4 Qc7 15. Nc5 Bc8 16. Qxc4 Qa5+ 17. b4 Qc7 18. Be2 a5 19. 0-0 axb4 20. Rxb4 Ra8 21. Rfb1 0-0 22. Ra4 Rxa4 23. Qxa4 Nd7 24. Qb4 Qa7 25. a3 Re8 26. Kf2 Qc7 27. e5 Nxc5 28. Qxc5 Be6 29. Rc1 Bd5 30. Qxd5 Rc8 31. Qc4 Qa5 32. Qa6 Qd8 33. Rxc6 Ra8 34. Qc4 e6 35. a4 Qh4+ 36. Kf1 Qxh2 37. Rc8+ 1-0